2017/18 Minnesota Timberwolves Roster - Statistics

General Stats
  • This quiz has been taken 96 times
  • The average score is 6 of 14
Answer Stats
Position Player % Correct
C Karl-Anthony Towns
99%
G Andrew Wiggins
93%
F Jimmy Butler
89%
G Jeff Teague
64%
F Taj Gibson
58%
F Gorgui Dieng
49%
G Jamal Crawford
45%
C Cole Aldrich
25%
F Shabazz Muhammad
25%
F Nemanja Bjelica
22%
C Justin Patton
19%
G Tyus Jones
17%
F Adreian Payne
6%
G Brandon Rush
5%
No matching quizzes found
Score Distribution
Percent of People with Each Score
Percentile by Number Answered
Your Score History
You have not taken this quiz